Recopilación y diseño de algunos tipos de apoyo para puentes
שמור ב:
| מחבר ראשי: | |
|---|---|
| פורמט: | לא ידוע |
| שפה: | Spanish |
| יצא לאור: |
[San José, Costa Rica]
1975
|
| תגים: |
הוספת תג
אין תגיות, היה/י הראשונ/ה לתייג את הרשומה!
|
MARC
| LEADER | 00000 a2200000 4500 | ||
|---|---|---|---|
| 003 | 011493 | ||
| 005 | 20221231143821.0 | ||
| 008 | 140114s1975 a m 000 ||spa d | ||
| 040 | |c cru CEDI | ||
| 090 | |a TFG 575 | ||
| 100 | |a Muñoz Aguilar, Octavio |9 16752 | ||
| 245 | |a Recopilación y diseño de algunos tipos de apoyo para puentes | ||
| 260 | |c 1975 |a [San José, Costa Rica] | ||
| 300 | |a 56 hojas : cuadros,ilustraciones | ||
| 500 | |a Tesis (Ingeniero Civil)--Universidad de Costa Rica. | ||
| 942 | |c TFG | ||
| 999 | |c 12447 |d 12447 | ||
